000 00394 a2200157 4500
001 161617
020 _a
040 _cMagnum
100 _a-
240 1 0 _aA comissao construtora e o saneamento da nova capital
_lpor
245 1 0 _aA comissao construtora e o saneamento da nova capital
362 0 _a1899
440 1 _aFundação João Pinheiro
697 _aESTUDOS SOCIAIS
942 _cBK
999 _c161617
_d161617